Bennett and Rabbetts' Clinical Visual Optics (Record no. 1802)

MARC details
000 -LEADER
fixed length control field 01065pam a2200301 a 4500
001 - CONTROL NUMBER
control field 3073624
003 - CONTROL NUMBER IDENTIFIER
control field OSt
005 - DATE AND TIME OF LATEST TRANSACTION
control field 20191022150726.0
008 - FIXED-LENGTH DATA ELEMENTS--GENERAL INFORMATION
fixed length control field 971210s1998 enka b 001 0 eng c
010 ## - LIBRARY OF CONGRESS CONTROL NUMBER
LC control number 97051177
020 ## - INTERNATIONAL STANDARD BOOK NUMBER
International Standard Book Number 0750618175
040 ## - CATALOGING SOURCE
Original cataloging agency DNLM/DLC
Transcribing agency DLC
Modifying agency DLC
050 00 - LIBRARY OF CONGRESS CALL NUMBER
Classification number RE927
Item number .B46 1998
060 10 - NATIONAL LIBRARY OF MEDICINE CALL NUMBER
Classification number WW 300 B471c 1998
082 00 - DEWEY DECIMAL CLASSIFICATION NUMBER
Classification number WW 140 R112c 1999
Edition number 21
100 1# - MAIN ENTRY--PERSONAL NAME
Personal name Bennett, Arthur G.; Rabbetts, Ronald B.
9 (RLIN) 4737
245 10 - TITLE STATEMENT
Title Bennett and Rabbetts' Clinical Visual Optics
250 ## - EDITION STATEMENT
Edition statement 3rd ed. /
260 ## - PUBLICATION, DISTRIBUTION, ETC. (IMPRINT)
Place of publication, distribution, etc. Oxford ;
Name of publisher, distributor, etc. Butterworth-Heinemann,
Date of publication, distribution, etc. 1998.
300 ## - PHYSICAL DESCRIPTION
Extent viii, 451 p. :
Other physical details ill. ;
Dimensions 28 cm.
500 ## - GENERAL NOTE
General note Rev. ed. of: Clinical visual optics. 2nd ed. 1989.
504 ## - BIBLIOGRAPHY, ETC. NOTE
Bibliography, etc Includes bibliographical references and index.
650 #0 - SUBJECT ADDED ENTRY--TOPICAL TERM
Topical term or geographic name as entry element Eye
9 (RLIN) 4738
650 #0 - SUBJECT ADDED ENTRY--TOPICAL TERM
Topical term or geographic name as entry element Vision
9 (RLIN) 4739
906 ## - LOCAL DATA ELEMENT F, LDF (RLIN)
a 7
b cbc
c orignew
d 1
e ocip
f 19
g y-gencatlg
942 ## - ADDED ENTRY ELEMENTS (KOHA)
Source of classification or shelving scheme Other/Generic Classification Scheme
Koha item type Short Loan
Holdings
Withdrawn status Lost status Source of classification or shelving scheme Damaged status Not for loan Home library Current library Date acquired Source of acquisition Inventory number Total Checkouts Full call number Barcode Date last seen Koha item type
    Other/Generic Classification Scheme     MUST Main Library MUST Main Library 20/05/2015 Donation 02/17657   WW 140 R112c 1999 2015-1483 20/05/2015 Short Loan
    Other/Generic Classification Scheme     MUST Main Library MUST Main Library 20/05/2015 Donation 02/17658   WW 140 R112c 1999 2015-1484 20/05/2015 Short Loan